| 000 | 01687cam a2200385 i 4500 | ||
|---|---|---|---|
| 999 |
_c329402 _d329402 |
||
| 001 | 16874347 | ||
| 003 | Nust | ||
| 005 | 20170504173812.0 | ||
| 008 | 110701s2011 nyu 001 0aeng | ||
| 010 | _a 2011459063 | ||
| 020 | _a9780330522960 (pbk.) | ||
| 040 |
_aDLC _beng _cDLC _erda _dDLC |
||
| 042 | _apcc | ||
| 043 | _anwtr--- | ||
| 050 | 0 | 0 |
_aPR9272.9.N32 _bZ48 2011 |
| 082 | _a823.914 NAI | ||
| 245 | 0 | 0 |
_aLetters between a father and son / _cV.S. Naipaul ; with an introduction and notes by Gillon Aitken. |
| 260 |
_aLondon : _bPicador, _c2011. |
||
| 300 |
_axix, 331 pages ; _c25 cm |
||
| 336 |
_atext _2rdacontent |
||
| 337 |
_aunmediated _2rdamedia |
||
| 338 |
_avolume _2rdacarrier |
||
| 600 | 1 | 0 |
_aNaipaul, V. S. _q(Vidiadhar Surajprasad), _d1932- _vCorrespondence. _910 |
| 600 | 1 | 0 |
_aNaipaul, Seepersad _vCorrespondence. _911 |
| 600 | 1 | 0 |
_aNaipaul, V. S. _q(Vidiadhar Surajprasad), _d1932- _xFamily. _912 |
| 650 | 0 |
_aAuthors, Trinidadian _y20th century _xFamily relationships. _913 |
|
| 650 | 0 |
_aAuthors, Trinidadian _y20th century _vCorrespondence. _914 |
|
| 650 | 0 |
_aFathers and sons _zTrinidad and Tobago _zTrinidad. _915 |
|
| 700 | 1 | 2 |
_aNaipaul, V. S. _q(Vidiadhar Surajprasad), _d1932- _tCorrespondence. _kSelections. _916 |
| 700 | 1 | 2 |
_aNaipaul, Seepersad. _tCorrespondence. _kSelections. _917 |
| 775 | 0 | 8 |
_iRevision of: _aNaipaul, V. S. (Vidiadhar Surajprasad), 1932- _tBetween father and son _b1st American ed. _dNew York : Alfred Knopf, 2000 _hxi, 297 p. ; 25 cm. _z0375407308 _w(DLC) 99031089 |
| 906 |
_a7 _bcbc _corigcop _d3 _encip _f20 _gy-gencatlg |
||
| 942 |
_2ddc _cBK |
||